01771nam#a2200241 45000010014000000030004000140050017000180060019000350070015000540080041000690200018001100400018001281000044001462450076001902500020002662600013002862640048002993000022003473360026003693370026003955201057004218560051014789786071520258VST20250425090631.0m o d cr#un#---uucau230410s2023 MEX d a9786071520258 aVSTcVSTdVST1 aWilliam F. Smith, Javad Hashemieauthor10aFundamentos de la ciencia e ingeniería de los materiales, 7th Edition aseventh edition aMexico : 1aMexico :bMcGraw-Hill Interamericana,c2023 a1 online resource atextbtxt2rdacontent acomputerbc2rdamedia a¿Con qué material se debe hacer un avión supersónico para que resista las altas temperaturas a las que estará expuesto? ¿Qué materiales tienen menos impacto ecológico en el medio ambiente? ¿Cuáles nanomateriales inteligentes se han elaborado últimamente para las industrias aeroespacial, médica, tecnológica, entre otras? A lo largo de la historia, el avance de la civilización ha dependido de las mejoras de los materiales con los que se trabaja. La producción y el procesamiento de los materiales, hasta convertirlos en productos terminados, constituyen una parte importante de la economía actual. Y es en los ingenieros en quienes recae el diseño de la mayoría de los productos manufacturados y los sistemas de procesamiento necesarios para su producción, por lo que es esencial que conozcan la estructura interna, las propiedades, el procesamiento y el desempeño de varias clases de materiales, de modo que puedan elegir los más adecuados para cada aplicación y crear los mejores métodos para procesarlos.40uhttps://resolver.vitalsource.com/9786071520258